| 000 | 01901nam1a2200361 i 4500 | ||
|---|---|---|---|
| 001 | RU\NLR\bibl\826127 | ||
| 005 | 20260408195002.0 | ||
| 035 | _a(NLR Aleph) 000815024 | ||
| 090 |
_a1265254 _c1265254 |
||
| 100 | _a20050801g20059999k y0rusy50 ca | ||
| 101 | 0 | _arus | |
| 102 | _aRU | ||
| 105 | _a||||||||1|||| | ||
| 200 | 1 |
_aУральский научный форум "Война. Культура. Победа" _e[в 2 ч. _fредкол.: В. Я. Рушанин, д. ист. н., проф. (науч. ред.) и др.] |
|
| 210 |
_aЧелябинск _cЧелябинская государственная академия культуры и искусств _d2005 |
||
| 215 | _d21 | ||
| 300 | _aВ надзаг.: Правительство Челяб. обл., Челяб. гос. акад. культуры и искусств, Челяб. обл. краевед. музей, Челяб. обл. универсал. науч. б-ка | ||
| 300 | _a60-летию Великой Победы посвящ. | ||
| 463 | 0 | _1001817538 | |
| 463 | 0 | _1001856236 | |
| 606 |
_aВеликая Отечественная война _z1941 - 1945 _xГерои и героизм _yУрал _jСъезды, совещания и т.п. _3RU\NLR\auth\661380832 _92306899 |
||
| 607 |
_aУрал _jСъезды, совещания и т.п. _xИстория _91041954 _3RU\NLR\auth\6683427 |
||
| 686 | _aЦ35(2)722-424д(2Р36)я431 | ||
| 686 | _aТ3(2)722.78я431 | ||
| 686 | _aТ3(2Р36)я431 | ||
| 702 | 1 |
_aРушанин _bВ. Я. _gВладимир Яковлевич _4340 |
|
| 710 | 1 | 2 |
_4070 _a"Война. Культура. Победа", уральский научный форум _f2005 _eЧелябинск _3RU\NLR\AUTH\8810067749 _9637085 |
| 801 | 0 |
_aRU _bNLR _c20050801 _grcr |
|
| 801 | 1 |
_aRU _bNLR _c20050801 |
|
| 852 |
_aNLR _j2005-3/18234 |
||
| 942 | _cBOOK | ||